01748nam a2200373 a 4500001001200000003000800012006001900020007001500039008004100054010001700095020002900112020001800141040002100159035002100180043002100201050002300222082002100245245022100266260005500487300002400542490006200566500007600628504005100704533015200755650004300907650003200950650003900982655002901021710009901050710006501149710001701214856012601231999001701357ebr10225189CaPaEBRm u cr cn|||||||||840919s1985 dcua sb 001 0 eng d z 84062037  z0309034949 (pbk. : v. 1) z9780309034944 aCaPaEBRcCaPaEBR a(OCoLC)726823388 an-us---ad------14aRA638b.D57 1985eb04a614.4/7/097321900aDiseases of importance in the United Statesh[electronic resource] /cby the Committee on Issues and Priorities for New Vaccine Development, Division of Health Promotion and Disease Prevention, Institute of Medicine. aWashington, D.C. :bNational Academy Press,c1985. axii, 458 p. :bill.0 aNew vaccine development : establishing priorities ;vv. 1 aPrepared for the National Institute of Allergy and Infectious Diseases. aIncludes bibliographical references and index. aElectronic reproduction.bPalo Alto, Calif. :cebrary,d2013.nAvailable via World Wide Web.nAccess may be limited to ebrary affiliated libraries. 0aVaccinesxResearchxGovernment policy. 0aVaccinationzUnited States. 0aVaccinationzDeveloping countries. 7aElectronic books.2local2 aInstitute of Medicine (U.S.).bCommittee on Issues and Priorities for New Vaccine Development.2 aNational Institute of Allergy and Infectious Diseases (U.S.)2 aebrary, Inc.40uhttp://site.ebrary.com/lib/rucke/Doc?id=10225189zAn electronic book accessible through the World Wide Web; click to view c27304d27304